Fuzzy engineering (Record no. 266476)

000 -LEADER
fixed length control field 00212 a2200097 4500
001 - CONTROL NUMBER
control field 31403
090 ## - LOCALLY ASSIGNED LC-TYPE CALL NUMBER (OCLC); LOCAL CALL NUMBER (RLIN)
-- 21289
-- 21289
100 ## - MAIN ENTRY--PERSONAL NAME
Personal name Kosko, Bart
245 ## - TITLE STATEMENT
Title Fuzzy engineering
260 ## - PUBLICATION, DISTRIBUTION, ETC.
Place of publication, distribution, etc. N.J
Name of publisher, distributor, etc. Prentice Hal
Date of publication, distribution, etc. 1997
942 ## - ADDED ENTRY ELEMENTS (KOHA)
Institution code [OBSOLETE] NUST-CAE
Call number prefix 629.83 KOS
Holdings
Withdrawn status Lost status Damaged status Not for loan Collection code Permanent Location Current Location Date acquired Total Checkouts Full call number Barcode Date last seen Price effective from Koha item type
          College of Aeronautical Engineering (CAE) College of Aeronautical Engineering (CAE) 04/03/2017   629.83 KOS CAE72109 04/05/2017 04/05/2017 Book
© 2023 Central Library, National University of Sciences and Technology. All Rights Reserved.